[Event "Copenhagen Bronshoj op"]
[Site "Copenhagen"]
[Date "2012.02.12"]
[Round "4"]
[White "Ohayv, Nikolaj"]
[Black "Willerup, Martin Kisby"]
[Result "0-1"]
[WhiteElo "1899"]
[BlackElo "2025"]
[PlyCount "112"]
[EventDate "2012.02.10"]
[EventType "swiss"]
[EventRounds "7"]
[EventCountry "DEN"]
[SourceTitle "EXT 2015"]
[Source "ChessBase"]
[SourceDate "2014.11.20"]
[SourceVersion "1"]
[SourceVersionDate "2014.11.20"]
[SourceQuality "1"]

1. e4 e6 2. d4 d5 3. Nc3 Nf6 4. e5 Nfd7 5. Nce2 c5 6. c3 Nc6 7. a3 Be7 8. f4 b6 9. Nf3 Ba6 10. Ng3 Bxf1 11. Rxf1 Bh4 12. Kf2 cxd4 13. cxd4 0-0 14. Nxh4 Qxh4 15. Kg1 Rac8 16. b4 b5 17. Be3 g6 18. f5 gxf5 19. Rf4 Qg5 20. Qf3 Ndxe5 21. dxe5 Nxe5 22. Qe2 Ng4 23. h3 Nxe3 24. Qxe3 Rc4 25. Raf1 Rfc8 26. Ne2 Rxf4 27. Nxf4 Rc4 28. Nxd5 Qxe3+ 29. Nxe3 Rc3 30. Nxf5 exf5 31. Rxf5 a6 32. Rf3 Rxf3 33. gxf3 Kg7 34. Kf2 Kf6 35. f4 Ke6 36. Ke3 Kd5 37. Kd3 f5 38. h4 h5 39. Ke3 Kc4 40. Kd2 Kb3 41. Kd3 Kxa3 42. Kc3 Ka4 43. Kd4 Kxb4 44. Ke5 a5 45. Kxf5 a4 46. Kg6 a3 47. f5 a2 48. f6 a1Q 49. Kg7 Kc5 50. Kf7 b4 51. Ke7 Kd5 52. Kf7 b3 53. Kg7 b2 54. Kf7 b1Q 55. Kg8 Qg6+ 56. Kf8 Qaxf6# 0-1

[Event "Barkhuus Memorial"]
[Site "Vanlose"]
[Date "2005.08.02"]
[Round "6"]
[White "Hejberg, Carsten"]
[Black "Willerup, Martin Kisby"]
[Result "1/2-1/2"]
[WhiteElo "1929"]
[BlackElo "2016"]
[PlyCount "40"]
[EventDate "2005.07.27"]
[EventType "swiss"]
[EventRounds "7"]
[EventCountry "DEN"]
[SourceTitle "CBM 107 Extra"]
[Source "ChessBase"]
[SourceDate "2005.09.01"]
[SourceVersion "1"]
[SourceVersionDate "2005.09.01"]
[SourceQuality "1"]

1. d4 d5 2. c4 c6 3. Nf3 Nf6 4. Nc3 g6 5. cxd5 cxd5 6. Bf4 Bg7 7. e3 0-0 8. h3 Nc6 9. Be2 Bf5 10. 0-0 Rc8 11. Rc1 Ne4 12. Nxe4 Bxe4 13. Nd2 Bf5 14. a3 e5 15. dxe5 Nxe5 16. Qb3 Qa5 17. Nf3 Nxf3+ 18. Bxf3 Rxc1 19. Rxc1 Qd2 20. Rd1 Bc2 1/2-1/2